Statistiques concernant Les pays commençant par la lettre A

Cliquez ici pour prendre le quiz!

Statistiques générales

  • Ce quiz a été pris 178 fois
  • Le résultat moyen est 11 sur 14

Statistiques - réponses

Numéro Réponse % Correct
5Allemagne
91%
12Australie
90%
4Algérie
87%
7Angola
87%
3Albanie
83%
6Andorre
83%
11Arménie
83%
10Argentine
81%
1Afghanistan
79%
13Autriche
78%
14Azerbaïdjan
75%
2Afrique du sud
72%
8Antigua-et-Barbuda
68%
9Arabie Saoudite
63%

Distribution des résultats

Percentile par nombre de réponses

% des personnes avec chaque résultat

Votre développement - résultats

Vous n’avez pas pris ce quiz